| 000 | 00793cam a22002537i 4500 | ||
|---|---|---|---|
| 001 | a4782341 | ||
| 003 | CO-ViMGA | ||
| 005 | 20230915223801.0 | ||
| 008 | 100629s2010 sp a | |||| 000 c spa | ||
| 020 | _a9788498852691 | ||
| 040 |
_aCO-ViMGA _bspa _cCO-ViMGA |
||
| 041 | 1 | _heng | |
| 082 | 0 | 4 |
_a741.5 _bC51d |
| 100 | 1 |
_aClaremont, Chris _d1950- _99178 |
|
| 245 | 1 | 0 |
_aDestino / _cChris Claremont, Salvador Larroca ; [Lorenzo F. Díaz, traducción] |
| 260 |
_aTorroella de Montgrí, Girona _bPanini España ; _ccop. 2010. |
||
| 300 |
_a[120] p. _bprincipalmente il. col. _c29 cm. |
||
| 490 | 0 | _aMarvel deluxe | |
| 490 | 0 |
_aX-Treme X-Men _v1 |
|
| 650 | 1 | 4 |
_a Tiras comicas, historietas, etc. _92479 |
| 650 | 1 | 4 |
_aComics _9284 |
| 700 | 1 |
_aLarroca, Salvador _d1964- _99101 |
|
| 942 |
_2ddc _cBK |
||
| 999 |
_c10395 _d10395 |
||